000 01042cam a2200253 i 4500
003 SA-RiAUC
005 20241204064330.0
008 241204s1997 ||| g 000r0cara c
040 _aSA-RiAUC
_bara
_cSA-RiAUC
_erda
043 _aa-su---
082 0 4 _a257.509531
_qSA-RiAUC
090 _a257.509531
_bز هـ ر
100 1 _aالزهراني، عبد الله بن محمد بن عايض،
_d1373 هجري-
_eمؤلف.
245 1 0 _aتاريخ القضاء والقضاة في العهد السعودي /
_cتصنيف عبد الله بن محمد بن عايض الزهراني.
264 1 _a[مكان النشر غير محدد] :
_b[الناشر غير محدد]،
_c[1997]
300 _a6 مجلد ؛
_c24 سم
336 _aنص
_btxt
_2rdacontent
_3كتاب
337 _aبدون وسيط
_bn
_2rdamedia
338 _aمجلد
_bnc
_2rdacarrier
650 7 _aالقضاء
_zالسعودية
_2aucsh
650 7 _aالقضاة السعوديون
_vتراجم
_2aucsh
942 _2ddc
_cBOOK
949 _aSA-JeALM
_d241204
_ukhaled123
_n1
999 _c3003
_d3003